| 000 | 01050cam a2200289 4500 | ||
|---|---|---|---|
| 001 | B2252 | ||
| 008 | 090401t1989 xxu||||| |||| 00| 0 eng d | ||
| 035 | _a(Sirsi) u48958 | ||
| 041 | _aeng | ||
| 050 | _a306.3 | ||
| 090 | _aRICS 1989/13 AC | ||
| 110 |
_aInstitution and College Conferences _92330 |
||
| 245 | _aResidential property:new initiatives and sources of finance to encourage housing provision 14 February 1989, The Barbican Centre, London | ||
| 260 |
_aLondon _bInstitution and College Conferences _c1989 |
||
| 300 | _a2 papers ; 4 other items | ||
| 350 | _a0 | ||
| 520 | _aPapers by Armstrong,Nigel and Walker,Ken . Business Show . Includes synopses of other papers, programme and participant details. See also separately catalogued book : Rosehaugh self build housing initiative. | ||
| 650 | _aCONFERENCE | ||
| 650 | _aHOUSING ASSOCIATIONS | ||
| 650 | _aPLANNING AGREEMENTS | ||
| 650 | _aPLANNING GAIN | ||
| 650 | _aROSEHAUGH | ||
| 650 | _aSELF-BUILD | ||
| 650 | _aSOCIAL HOUSING | ||
| 942 | _n0 | ||
| 948 | _c04/03/1997 | ||
| 999 |
_c92444 _d92444 |
||